| 000 | 00897cadsa22002175a 4500 | ||
|---|---|---|---|
| 001 | L147272 | ||
| 008 | 090423e20090422xxk g 000 0 eng d | ||
| 035 | _a(Sirsi) u147272 | ||
| 041 | 0 | _aeng | |
| 110 | 2 |
_aRoyal Institution of Chartered Surveyors _94900 |
|
| 245 | 0 | 0 |
_aUK Budget 2009 _bRICS response _h[electronic resource] |
| 260 | _c2009 | ||
| 490 |
_aRICS Press Release _v22 April 2009 |
||
| 520 | _aRICS analysis of the UK budget April 2009. Provides the RICS view on: implications for residential property and construction; issues related to sustainability; measures affecting planning; empty property rates and public sector property. | ||
| 590 | _aKA | ||
| 650 | 2 | 4 | _aBUDGET 2009 |
| 651 | 4 |
_aUnited Kingdom _y |
|
| 690 | _aMANAGEMENT | ||
| 856 | 4 | 0 |
_uhttps://www.rics.org/RICSWEB/getpage.aspx?p=D2wG67NXaEG1v4jcrGxOfw _zView the article free of charge at www.rics.org... |
| 942 | _n0 | ||
| 999 |
_c81463 _d81463 |
||